000 01969nam a22002657a 4500
999 _c329781
_d329781
001 43663
003 UA-OsUOA
005 20230504161237.0
007 ta
008 20070118b un ||||| |||| 00| 0 ukr d
020 _a966-351-096-Х
040 _aUA-OsUOA
_bukr
_cUA-OsUOA
_dUA-OsUOA
041 _aukr
080 _a657(075.8)
090 _a657(075.8)
_bБ67
100 _aБілоусько В. С.
245 _aТеорія бухгалтерського обліку
_bнавчальний посібник
260 _aК.
_bКондор
_c2007
300 _a423 с.
520 _aСистемно, згідно з програмою курсу «Теорія бухгалтерського обліку» висвітлено питання теорії бухгалтерського обліку, викладено її елементи як складові частини методу бухгалтерського обліку. Використано чинні в Україні нормативні документи з бухгалтерського обліку, а також вимоги На­ ціональних положень (стандартів) бухгалтерського обліку. Певною мірою викладено основні принципи обліку в державах світової співдружності. Після кожного модуля відповідно до програми курсу «Теорія бухгалтерсь­кого обліку», наведено завдання для лабораторно-практичних занять і са­мостійної роботи, а також питання для самоконтролю.
650 7 _a657 Бухгалтерія. Бухгалтерський облік. Рахівництво
_2UDC
942 _cBK
_2udc
955 _a2